[Event "Portugal Open 2020"]
[Site "Lisboa POR"]
[Date "2020.01.31"]
[Round "8.1"]
[White "INDIC, Aleksandar"]
[Black "GOLUCH, Piotr"]
[Result "1-0"]
[BlackElo "2413"]
[WhiteElo "2622"]
[LiveChessVersion "1.4.8"]

1. d4 {[%clk 1:29:42]} Nf6 {[%clk 1:30:44]} 2. c4 {[%clk 1:29:45]} e6
{[%clk 1:31:07]} 3. Nc3 {[%clk 1:29:40]} Bb4 {[%clk 1:31:31]} 4. Nf3
{[%clk 1:29:45]} O-O {[%clk 1:25:20]} 5. Bg5 {[%clk 1:28:43]} h6 {[%clk 1:22:39]}
6. Bh4 {[%clk 1:28:46]} g5 {[%clk 1:09:44]} 7. Bg3 {[%clk 1:28:40]} Ne4
{[%clk 1:09:38]} 8. Qc2 {[%clk 1:27:51]} f5 {[%clk 1:08:52]} 9. e3
{[%clk 1:27:39]} b6 {[%clk 1:08:07]} 10. Nd2 {[%clk 1:24:53]} Bb7
{[%clk 1:04:08]} 11. Ndxe4 {[%clk 1:24:07]} Bxe4 {[%clk 1:03:59]} 12. Qd2
{[%clk 1:24:22]} Bxc3 {[%clk 0:56:10]} 13. bxc3 {[%clk 1:23:46]} Bb7
{[%clk 0:56:36]} 14. f3 {[%clk 1:22:26]} d6 {[%clk 0:56:51]} 15. h4
{[%clk 1:21:22]} Kg7 {[%clk 0:48:09]} 16. Bd3 {[%clk 1:20:54]} Nd7
{[%clk 0:47:59]} 17. O-O-O {[%clk 1:18:55]} Qf6 {[%clk 0:46:00]} 18. hxg5
{[%clk 1:11:42]} hxg5 {[%clk 0:46:26]} 19. e4 {[%clk 1:10:47]} Rh8
{[%clk 0:42:08]} 20. exf5 {[%clk 1:02:21]} exf5 {[%clk 0:40:01]} 21. f4
{[%clk 1:01:54]} g4 {[%clk 0:40:15]} 22. d5 {[%clk 1:00:43]} Kg6 {[%clk 0:39:38]}
23. Bf2 {[%clk 1:00:37]} Rxh1 {[%clk 0:30:18]} 24. Rxh1 {[%clk 1:00:25]} Nc5
{[%clk 0:30:31]} 25. Bd4 {[%clk 1:00:15]} Qe7 {[%clk 0:26:35]} 26. Bxc5
{[%clk 0:56:06]} bxc5 {[%clk 0:26:59]} 27. Bxf5+ {[%clk 0:56:18]} Kxf5
{[%clk 0:21:54]} 28. Qd3+ {[%clk 0:56:22]} Kxf4 {[%clk 0:22:13]} 29. Rf1+
{[%clk 0:56:18]} Kg5 {[%clk 0:22:38]} 30. Qf5+ {[%clk 0:56:36]} Kh4
{[%clk 0:23:04]} 31. g3+ {[%clk 0:55:48]} Kh3 {[%clk 0:23:29]} 32. Rh1+
{[%clk 0:53:07]} Kg2 {[%clk 0:23:26]} 33. Qf1+ {[%clk 0:53:20]} Kxg3
{[%clk 0:23:50]} 34. Rg1+ {[%clk 0:53:42]} Kh4 {[%clk 0:24:15]} 35. Qf4
{[%clk 0:54:03]} Rg8 {[%clk 0:22:41]} 36. Rh1# {[%clk 0:54:19]} 1-0

[Event "Portugal Open 2020"]
[Site "Lisboa POR"]
[Date "2020.01.31"]
[Round "8.2"]
[White "ITURRIZAGA, Eduardo"]
[Black "TARI, Aryan"]
[Result "1/2-1/2"]
[BlackElo "2635"]
[WhiteElo "2597"]
[LiveChessVersion "1.4.8"]

1. d4 {[%clk 1:30:57]} Nf6 {[%clk 1:29:38]} 2. c4 {[%clk 1:31:22]} g6
{[%clk 1:29:57]} 3. Nc3 {[%clk 1:31:46]} d5 {[%clk 1:30:22]} 4. Bf4
{[%clk 1:32:11]} Bg7 {[%clk 1:30:33]} 5. e3 {[%clk 1:32:35]} c5 {[%clk 1:27:18]}
6. dxc5 {[%clk 1:32:59]} Qa5 {[%clk 1:27:41]} 7. Rc1 {[%clk 1:33:24]} dxc4
{[%clk 1:26:30]} 8. Bxc4 {[%clk 1:33:48]} O-O {[%clk 1:25:05]} 9. Nf3
{[%clk 1:34:13]} Qxc5 {[%clk 1:23:24]} 10. Bb3 {[%clk 1:34:28]} Qa5
{[%clk 1:22:24]} 11. O-O {[%clk 1:34:49]} Nc6 {[%clk 1:22:04]} 12. h3
{[%clk 1:35:08]} Bf5 {[%clk 1:12:09]} 13. Qe2 {[%clk 1:35:30]} Ne4
{[%clk 1:11:14]} 14. Nxe4 {[%clk 1:35:16]} Bxe4 {[%clk 1:11:37]} 15. Rfd1
{[%clk 1:35:39]} e6 {[%clk 1:02:09]} 16. Nd2 {[%clk 1:23:37]} 1/2-1/2

[Event "Portugal Open 2020"]
[Site "Lisboa POR"]
[Date "2020.01.31"]
[Round "8.3"]
[White "ARIZMENDI MARTINEZ, Julen Luis"]
[Black "MOTYLEV, Alexander"]
[Result "0-1"]
[BlackElo "2640"]
[WhiteElo "2505"]
[LiveChessVersion "1.4.8"]

1. d4 {[%clk 1:23:06]} Nf6 {[%clk 1:30:38]} 2. c4 {[%clk 1:23:23]} e6
{[%clk 1:31:03]} 3. Nf3 {[%clk 1:23:28]} d5 {[%clk 1:31:27]} 4. Nc3
{[%clk 1:23:38]} c6 {[%clk 1:31:45]} 5. e3 {[%clk 1:23:36]} Nbd7 {[%clk 1:32:09]}
6. Qc2 {[%clk 1:23:27]} Bd6 {[%clk 1:32:20]} 7. Be2 {[%clk 1:23:15]} O-O
{[%clk 1:32:24]} 8. O-O {[%clk 1:23:31]} dxc4 {[%clk 1:32:14]} 9. Bxc4
{[%clk 1:21:08]} e5 {[%clk 1:32:39]} 10. Bb3 {[%clk 1:18:53]} Bc7
{[%clk 1:32:54]} 11. h3 {[%clk 0:59:26]} Qe7 {[%clk 1:29:37]} 12. Bd2
{[%clk 0:56:20]} h6 {[%clk 1:21:31]} 13. Nh4 {[%clk 0:48:02]} Rd8
{[%clk 0:57:53]} 14. Rae1 {[%clk 0:32:46]} Nf8 {[%clk 0:53:17]} 15. Nf5
{[%clk 0:17:47]} Qd7 {[%clk 0:20:19]} 16. e4 {[%clk 0:13:32]} exd4
{[%clk 0:19:07]} 17. Bxh6 {[%clk 0:13:55]} dxc3 {[%clk 0:09:59]} 18. Bxg7
{[%clk 0:11:17]} Nxe4 {[%clk 0:10:09]} 19. g4 {[%clk 0:02:51]} Qd3
{[%clk 0:08:33]} 20. Qxd3 {[%clk 0:00:45]} Rxd3 {[%clk 0:08:57]} 21. Bxf8
{[%clk 0:00:42]} Bxf5 {[%clk 0:08:21]} 22. gxf5 {[%clk 0:01:10]} Nd2
{[%clk 0:06:46]} 23. Ba3 {[%clk 0:00:53]} Nf3+ {[%clk 0:06:33]} 24. Kg2
{[%clk 0:00:56]} Nh4+ {[%clk 0:06:09]} 25. Kg1 {[%clk 0:01:02]} Nf3+
{[%clk 0:05:20]} 26. Kg2 {[%clk 0:01:27]} Nxe1+ {[%clk 0:05:24]} 27. Rxe1
{[%clk 0:01:55]} Bd6 {[%clk 0:05:29]} 28. Bxd6 {[%clk 0:01:11]} Rxd6
{[%clk 0:05:55]} 29. bxc3 {[%clk 0:01:31]} Kf8 {[%clk 0:06:11]} 30. Re4
{[%clk 0:01:20]} Re8 {[%clk 0:06:18]} 31. Rh4 {[%clk 0:01:29]} Kg7
{[%clk 0:06:16]} 0-1

[Event "Portugal Open 2020"]
[Site "Lisboa POR"]
[Date "2020.01.31"]
[Round "8.4"]
[White "GRIGORYAN, Karen H."]
[Black "JANIK, Igor"]
[Result "1-0"]
[BlackElo "2453"]
[WhiteElo "2632"]
[LiveChessVersion "1.4.8"]

1. e4 {[%clk 1:30:54]} c6 {[%clk 1:30:51]} 2. d3 {[%clk 1:31:08]} d5
{[%clk 1:31:10]} 3. Nd2 {[%clk 1:31:31]} g6 {[%clk 1:30:38]} 4. Ngf3
{[%clk 1:31:39]} Bg4 {[%clk 1:30:40]} 5. e5 {[%clk 1:23:54]} e6 {[%clk 1:27:58]}
6. d4 {[%clk 1:22:25]} Ne7 {[%clk 1:26:45]} 7. h3 {[%clk 1:19:58]} Bxf3
{[%clk 1:26:17]} 8. Nxf3 {[%clk 1:20:19]} c5 {[%clk 1:22:40]} 9. c3
{[%clk 1:16:51]} cxd4 {[%clk 1:17:12]} 10. cxd4 {[%clk 1:17:03]} Nbc6
{[%clk 1:17:37]} 11. Bd3 {[%clk 1:05:01]} Nf5 {[%clk 1:17:52]} 12. Bxf5
{[%clk 1:03:38]} gxf5 {[%clk 1:17:26]} 13. O-O {[%clk 1:03:18]} Qb6
{[%clk 1:16:43]} 14. Bg5 {[%clk 0:51:32]} Rg8 {[%clk 1:15:18]} 15. Qd2
{[%clk 0:47:59]} Rc8 {[%clk 1:06:02]} 16. Rfc1 {[%clk 0:46:07]} Kd7
{[%clk 1:05:14]} 17. Rc2 {[%clk 0:38:41]} Kc7 {[%clk 1:04:15]} 18. Rac1
{[%clk 0:38:22]} Kb8 {[%clk 1:04:38]} 19. a3 {[%clk 0:38:26]} a6 {[%clk 1:00:20]}
20. b4 {[%clk 0:36:00]} Qb5 {[%clk 0:54:19]} 21. Rc3 {[%clk 0:35:30]} Na7
{[%clk 0:50:16]} 22. Rxc8+ {[%clk 0:34:52]} Nxc8 {[%clk 0:50:43]} 23. Qc3
{[%clk 0:20:24]} Qd7 {[%clk 0:49:41]} 24. a4 {[%clk 0:20:04]} Nb6
{[%clk 0:39:46]} 25. b5 {[%clk 0:20:18]} axb5 {[%clk 0:39:47]} 26. axb5
{[%clk 0:20:15]} Nc4 {[%clk 0:40:12]} 27. Qb3 {[%clk 0:17:34]} h6
{[%clk 0:28:02]} 28. Bf6 {[%clk 0:17:16]} Be7 {[%clk 0:26:22]} 29. b6
{[%clk 0:14:46]} Bd8 {[%clk 0:23:18]} 30. Bxd8 {[%clk 0:14:35]} Qxd8
{[%clk 0:22:59]} 31. Rb1 {[%clk 0:14:54]} Qe7 {[%clk 0:15:42]} 32. Ra1
{[%clk 0:13:57]} Rd8 {[%clk 0:15:00]} 33. Ne1 {[%clk 0:12:24]} Qh4
{[%clk 0:14:09]} 34. Qa2 {[%clk 0:10:14]} Nxb6 {[%clk 0:14:06]} 35. Nf3
{[%clk 0:10:21]} Qe4 {[%clk 0:14:28]} 36. Qa5 {[%clk 0:10:30]} 1-0

[Event "Portugal Open 2020"]
[Site "Lisboa POR"]
[Date "2020.01.31"]
[Round "8.5"]
[White "DAMASO, Rui"]
[Black "ALEKSEEV, Evgeny"]
[Result "0-1"]
[BlackElo "2623"]
[WhiteElo "2420"]
[LiveChessVersion "1.4.8"]

1. e4 {[%clk 1:19:55]} e5 {[%clk 1:29:26]} 2. Nf3 {[%clk 1:20:04]} Nc6 3. Nc3
{[%clk 1:17:37]} Nf6 {[%clk 1:25:41]} 4. a3 {[%clk 1:15:18]} d6 {[%clk 1:15:16]}
5. d4 {[%clk 1:10:44]} Bg4 {[%clk 1:03:45]} 6. d5 {[%clk 1:03:35]} Nb8
{[%clk 0:57:25]} 7. h3 {[%clk 0:58:02]} Bc8 {[%clk 0:54:14]} 8. Be3
{[%clk 0:55:13]} Be7 {[%clk 0:48:00]} 9. g4 {[%clk 0:53:57]} h6 {[%clk 0:44:17]}
10. Bc4 {[%clk 0:49:10]} Nbd7 {[%clk 0:43:40]} 11. Qe2 {[%clk 0:44:49]} Nf8
{[%clk 0:41:35]} 12. O-O-O {[%clk 0:40:50]} Ng6 {[%clk 0:38:21]} 13. Kb1 a6
{[%clk 0:38:21]} 14. Nd2 {[%clk 0:33:40]} Bd7 {[%clk 0:29:00]} 15. Nf1
{[%clk 0:33:21]} b5 {[%clk 0:29:09]} 16. Bd3 {[%clk 0:32:01]} Qb8
{[%clk 0:25:21]} 17. Ng3 {[%clk 0:30:32]} Nh4 {[%clk 0:18:00]} 18. Nf5
{[%clk 0:28:29]} Nxf5 19. gxf5 {[%clk 0:28:50]} c5 {[%clk 0:15:33]} 20. dxc6
{[%clk 0:28:49]} Bxc6 {[%clk 0:16:02]} 21. Rhg1 {[%clk 0:22:26]} Kf8
{[%clk 0:16:15]} 22. f3 {[%clk 0:22:48]} Qb7 {[%clk 0:14:29]} 23. Rg3
{[%clk 0:19:55]} Rb8 {[%clk 0:14:17]} 24. Bc1 {[%clk 0:19:03]} a5
{[%clk 0:13:22]} 25. Rdg1 {[%clk 0:18:33]} Nh5 {[%clk 0:12:12]} 26. Rg4
{[%clk 0:17:50]} Bf6 {[%clk 0:12:01]} 27. Nd5 {[%clk 0:16:14]} Bxd5
{[%clk 0:11:57]} 28. exd5 {[%clk 0:16:40]} Qxd5 {[%clk 0:11:38]} 29. c4
{[%clk 0:17:03]} bxc4 {[%clk 0:11:41]} 30. Bxc4 {[%clk 0:16:54]} Qc5
{[%clk 0:11:19]} 31. Rd1 {[%clk 0:15:49]} Nf4 {[%clk 0:09:59]} 32. Qc2
{[%clk 0:11:56]} h5 {[%clk 0:08:05]} 33. Rgg1 Ke7 {[%clk 0:07:54]} 34. Bxf4
{[%clk 0:09:54]} exf4 {[%clk 0:06:05]} 35. Rge1+ {[%clk 0:10:20]} Be5
{[%clk 0:05:23]} 36. Rd5 {[%clk 0:09:36]} Qc7 {[%clk 0:05:15]} 37. b3
{[%clk 0:03:57]} Rhc8 {[%clk 0:05:33]} 38. Re4 {[%clk 0:03:59]} Qb6
{[%clk 0:02:47]} 39. Ka2 {[%clk 0:04:01]} Rc5 {[%clk 0:02:19]} 40. Qd3
{[%clk 0:04:08]} Qc7 {[%clk 0:01:31]} 41. a4 {[%clk 0:03:33]} Rxd5
{[%clk 0:00:45]} 42. Qxd5 {[%clk 0:03:54]} Kf6 43. Qd2 {[%clk 0:02:09]} Kxf5
{[%clk 0:01:00]} 44. Bd3 {[%clk 0:01:58]} Kf6 45. Rc4 Qb6 {[%clk 0:00:59]} 46.
Qc2 {[%clk 0:01:32]} Qg1 {[%clk 0:00:59]} 47. Qc1 {[%clk 0:01:19]} Qf2+
{[%clk 0:01:12]} 48. Bc2 {[%clk 0:01:45]} Qxf3 {[%clk 0:01:14]} 49. Rc7
{[%clk 0:02:00]} Qe3 {[%clk 0:01:05]} 50. Qd1 {[%clk 0:01:56]} Qd4
{[%clk 0:01:19]} 51. Qxd4 {[%clk 0:02:15]} Bxd4 {[%clk 0:01:46]} 52. Be4
{[%clk 0:02:41]} g5 {[%clk 0:01:19]} 53. Bf3 {[%clk 0:02:00]} Ke5 0-1

[Event "Portugal Open 2020"]
[Site "Lisboa POR"]
[Date "2020.01.31"]
[Round "8.7"]
[White "TEN HERTOG, Hugo"]
[Black "PETROV, Nikita"]
[Result "1/2-1/2"]
[BlackElo "2592"]
[WhiteElo "2503"]
[LiveChessVersion "1.4.8"]

1. e4 {[%clk 1:30:56]} c5 {[%clk 1:30:36]} 2. Nf3 {[%clk 1:30:55]} d6
{[%clk 1:31:00]} 3. d4 {[%clk 1:31:21]} cxd4 {[%clk 1:31:23]} 4. Nxd4
{[%clk 1:31:49]} Nf6 {[%clk 1:31:38]} 5. Nc3 {[%clk 1:32:16]} a6 {[%clk 1:31:48]}
6. h4 {[%clk 1:32:25]} e5 {[%clk 1:26:33]} 7. Nb3 {[%clk 1:32:50]} Be7
{[%clk 1:24:06]} 8. Be2 {[%clk 1:31:47]} Be6 {[%clk 1:18:29]} 9. f4
{[%clk 1:31:36]} exf4 {[%clk 1:08:09]} 10. Bxf4 {[%clk 1:29:58]} Nc6
{[%clk 1:08:31]} 11. Qd2 {[%clk 1:26:17]} d5 {[%clk 0:56:37]} 12. exd5
{[%clk 0:52:58]} Nxd5 {[%clk 0:56:29]} 13. Nxd5 {[%clk 0:53:18]} Qxd5
{[%clk 0:55:01]} 14. Qxd5 {[%clk 0:50:42]} Bxd5 {[%clk 0:55:19]} 15. O-O-O
{[%clk 0:51:07]} Rd8 {[%clk 0:45:15]} 16. Bc7 {[%clk 0:38:27]} Rc8
{[%clk 0:39:03]} 17. Bb6 {[%clk 0:27:05]} Nb4 {[%clk 0:24:04]} 18. Nd4
{[%clk 0:27:07]} Bxg2 {[%clk 0:15:30]} 19. Rhg1 {[%clk 0:19:12]} Be4
{[%clk 0:14:13]} 20. Bg4 {[%clk 0:18:22]} O-O {[%clk 0:14:38]} 21. Rge1
{[%clk 0:06:48]} f5 {[%clk 0:12:27]} 22. Bxf5 {[%clk 0:07:12]} Bxf5
{[%clk 0:11:32]} 23. Nxf5 {[%clk 0:07:26]} Rxf5 {[%clk 0:10:20]} 24. Rxe7
{[%clk 0:07:52]} Rxc2+ {[%clk 0:06:44]} 25. Kb1 {[%clk 0:08:20]} Rd2
{[%clk 0:06:51]} 26. Rg1 {[%clk 0:04:32]} Rg2 {[%clk 0:06:18]} 27. Rd1
{[%clk 0:04:44]} Rd2 {[%clk 0:04:59]} 28. Rg1 {[%clk 0:05:03]} 1/2-1/2

[Event "Portugal Open 2020"]
[Site "Lisboa POR"]
[Date "2020.01.31"]
[Round "8.8"]
[White "ASADLI, Vugar"]
[Black "SABUK, Piotr"]
[Result "1-0"]
[BlackElo "2360"]
[WhiteElo "2538"]
[LiveChessVersion "1.4.8"]

1. e4 {[%clk 1:30:55]} e5 {[%clk 1:30:52]} 2. Nf3 {[%clk 1:31:04]} Nc6
{[%clk 1:31:16]} 3. Bc4 {[%clk 1:31:30]} Bc5 {[%clk 1:31:16]} 4. c3
{[%clk 1:31:37]} Nf6 {[%clk 1:31:33]} 5. d3 {[%clk 1:32:03]} O-O {[%clk 1:30:12]}
6. O-O {[%clk 1:32:22]} d5 {[%clk 1:30:05]} 7. exd5 {[%clk 1:32:44]} Nxd5
{[%clk 1:30:28]} 8. a4 {[%clk 1:33:11]} a5 {[%clk 1:27:12]} 9. Re1
{[%clk 1:31:14]} Bg4 {[%clk 1:24:53]} 10. Nbd2 {[%clk 1:28:02]} Nb6
{[%clk 1:21:31]} 11. Bb5 {[%clk 1:28:06]} Bd6 {[%clk 1:20:09]} 12. h3
{[%clk 1:26:06]} Bh5 {[%clk 1:17:42]} 13. Ne4 {[%clk 1:26:12]} Na7
{[%clk 1:12:00]} 14. Be3 {[%clk 1:14:24]} f5 {[%clk 1:05:28]} 15. Nxd6
{[%clk 1:03:46]} cxd6 {[%clk 1:04:44]} 16. Qb3+ {[%clk 0:55:59]} Bf7
{[%clk 0:46:15]} 17. c4 {[%clk 0:55:53]} f4 {[%clk 0:40:40]} 18. Bd2
{[%clk 0:54:46]} Nc6 {[%clk 0:39:34]} 19. d4 {[%clk 0:51:16]} Nxd4
{[%clk 0:19:19]} 20. Nxd4 {[%clk 0:51:25]} exd4 {[%clk 0:19:45]} 21. Bxf4
{[%clk 0:48:36]} Bxc4 {[%clk 0:17:00]} 22. Bxc4+ {[%clk 0:48:44]} d5
{[%clk 0:17:16]} 23. Bb5 {[%clk 0:48:43]} 1-0

[Event "Portugal Open 2020"]
[Site "Lisboa POR"]
[Date "2020.01.31"]
[Round "8.9"]
[White "STELLA, Andrea"]
[Black "MIHAJLOV, Sebastian"]
[Result "1/2-1/2"]
[BlackElo "2374"]
[WhiteElo "2465"]
[LiveChessVersion "1.4.8"]

1. e4 {[%clk 1:30:19]} e5 {[%clk 1:19:15]} 2. Nf3 {[%clk 1:30:11]} Nc6
{[%clk 1:19:40]} 3. Nc3 {[%clk 1:30:31]} Nf6 {[%clk 1:20:04]} 4. d4
{[%clk 1:30:47]} exd4 {[%clk 1:20:28]} 5. Nxd4 {[%clk 1:31:13]} Bb4
{[%clk 1:20:53]} 6. Nxc6 {[%clk 1:31:30]} bxc6 {[%clk 1:20:53]} 7. Bd3
{[%clk 1:31:48]} d5 {[%clk 1:21:12]} 8. Bd2 {[%clk 1:32:12]} O-O {[%clk 1:13:44]}
9. O-O {[%clk 1:32:37]} Bxc3 {[%clk 1:13:29]} 10. Bxc3 {[%clk 1:33:01]} Nxe4
{[%clk 1:13:54]} 11. Bxe4 {[%clk 1:33:11]} dxe4 {[%clk 1:14:18]} 12. Qh5
{[%clk 1:31:52]} Qd5 {[%clk 1:13:23]} 13. Qe5 {[%clk 1:29:24]} f6
{[%clk 1:06:04]} 14. Qxc7 {[%clk 1:28:58]} Rd8 {[%clk 1:05:34]} 15. Rfe1
{[%clk 1:23:15]} Bf5 {[%clk 1:05:44]} 16. Qf4 {[%clk 1:17:19]} Rd7
{[%clk 1:04:22]} 17. h3 {[%clk 1:15:41]} Rad8 {[%clk 1:04:40]} 18. Kh2
{[%clk 1:12:58]} Qd6 {[%clk 0:59:46]} 19. Qxd6 {[%clk 1:11:21]} Rxd6
{[%clk 1:00:10]} 20. a4 {[%clk 1:11:04]} h5 {[%clk 0:55:58]} 21. h4
{[%clk 1:07:22]} Rd5 {[%clk 0:53:36]} 22. a5 {[%clk 1:07:24]} a6 {[%clk 0:53:57]}
23. Kg3 {[%clk 1:03:17]} Kf7 {[%clk 0:53:00]} 24. Ra4 {[%clk 1:02:24]} c5
{[%clk 0:53:07]} 25. Ra3 {[%clk 1:01:58]} e3 {[%clk 0:52:21]} 26. Rxe3
{[%clk 1:00:54]} Bxc2 {[%clk 0:52:47]} 27. Ra1 {[%clk 0:57:30]} Rd3
{[%clk 0:52:51]} 28. Rae1 {[%clk 0:56:43]} Rxe3+ {[%clk 0:53:16]} 29. Rxe3
{[%clk 0:57:09]} Rd3 {[%clk 0:53:43]} 30. Rxd3 {[%clk 0:56:45]} 1/2-1/2

[Event "Portugal Open 2020"]
[Site "Lisboa POR"]
[Date "2020.01.31"]
[Round "8.10"]
[White "JARACZ, Pawel"]
[Black "ROCHA, Sergio"]
[Result "1/2-1/2"]
[BlackElo "2343"]
[WhiteElo "2466"]
[LiveChessVersion "1.4.8"]

1. e4 {[%clk 1:30:58]} c6 {[%clk 1:20:34]} 2. d4 {[%clk 1:30:16]} d5
{[%clk 1:20:56]} 3. e5 {[%clk 1:28:45]} Bf5 {[%clk 1:21:18]} 4. Nf3
{[%clk 1:29:08]} e6 {[%clk 1:21:40]} 5. Be2 {[%clk 1:29:30]} Nd7 {[%clk 1:21:55]}
6. O-O {[%clk 1:29:44]} h6 {[%clk 1:22:18]} 7. c3 {[%clk 1:29:28]} Ne7
{[%clk 1:22:36]} 8. Na3 {[%clk 1:28:52]} a6 {[%clk 1:21:53]} 9. Nc2
{[%clk 1:26:53]} Bh7 {[%clk 1:17:30]} 10. Bf4 {[%clk 1:06:30]} Ng6
{[%clk 1:13:32]} 11. Bg3 {[%clk 1:03:46]} Be7 {[%clk 1:13:27]} 12. Nfe1
{[%clk 1:00:43]} O-O {[%clk 1:11:01]} 13. b4 {[%clk 0:53:19]} a5 {[%clk 1:09:18]}
14. a3 {[%clk 0:51:14]} Nb6 {[%clk 1:09:19]} 15. Ne3 {[%clk 0:50:06]} Ra7
{[%clk 1:02:28]} 16. f4 {[%clk 0:43:44]} Nh4 {[%clk 1:01:51]} 17. Bxh4
{[%clk 0:41:09]} Bxh4 {[%clk 1:02:15]} 18. Nd3 {[%clk 0:40:59]} Qc7
{[%clk 1:00:16]} 19. Nc5 {[%clk 0:35:59]} Rfa8 {[%clk 0:57:52]} 20. Rc1
{[%clk 0:33:10]} axb4 {[%clk 0:58:13]} 21. axb4 {[%clk 0:33:38]} Nd7
{[%clk 0:55:48]} 22. Nxd7 {[%clk 0:33:25]} Qxd7 {[%clk 0:56:13]} 23. Bd3
{[%clk 0:33:53]} Bxd3 {[%clk 0:56:06]} 24. Qxd3 {[%clk 0:34:21]} Ra2
{[%clk 0:54:45]} 25. g3 {[%clk 0:34:31]} Be7 {[%clk 0:55:03]} 26. h3
{[%clk 0:33:48]} f5 {[%clk 0:50:11]} 27. exf6 {[%clk 0:33:10]} Bxf6
{[%clk 0:50:36]} 28. Ng4 {[%clk 0:33:25]} Qf7 29. f5 {[%clk 0:27:56]} Rf8
{[%clk 0:40:28]} 30. fxe6 {[%clk 0:17:48]} Qxe6 {[%clk 0:40:52]} 31. Nxh6+
{[%clk 0:17:52]} gxh6 {[%clk 0:33:32]} 32. Qg6+ {[%clk 0:18:19]} Kh8
{[%clk 0:33:55]} 33. Qxh6+ {[%clk 0:18:47]} Kg8 {[%clk 0:34:21]} 34. Qg6+
{[%clk 0:19:13]} Kh8 {[%clk 0:34:48]} 35. Qh6+ {[%clk 0:19:29]} Kg8
{[%clk 0:35:14]} 36. Qg6+ 1/2-1/2

[Event "Portugal Open 2020"]
[Site "Lisboa POR"]
[Date "2020.01.31"]
[Round "8.11"]
[White "ESQUIVIAS QUINTERO, Luis Manuel"]
[Black "STACHOWIAK, Kamil"]
[Result "0-1"]
[BlackElo "2446"]
[WhiteElo "2318"]
[LiveChessVersion "1.4.8"]

1. e4 {[%clk 1:30:59]} c5 {[%clk 1:30:53]} 2. Nf3 {[%clk 1:31:25]} e6
{[%clk 1:31:14]} 3. d4 {[%clk 1:31:47]} cxd4 {[%clk 1:31:37]} 4. Nxd4
{[%clk 1:32:14]} a6 {[%clk 1:31:41]} 5. Nc3 {[%clk 1:32:37]} Qc7 {[%clk 1:31:56]}
6. Bd3 {[%clk 1:32:27]} Nc6 {[%clk 1:32:18]} 7. Nxc6 {[%clk 1:32:50]} dxc6
{[%clk 1:32:13]} 8. O-O {[%clk 1:33:00]} e5 {[%clk 1:32:17]} 9. Qe1
{[%clk 1:32:50]} Nf6 {[%clk 1:31:20]} 10. f4 {[%clk 1:33:06]} Ng4
{[%clk 1:25:03]} 11. Qg3 {[%clk 1:26:32]} Bc5+ {[%clk 1:20:33]} 12. Kh1
{[%clk 1:26:26]} h5 {[%clk 1:20:55]} 13. f5 {[%clk 1:23:10]} Bd7 {[%clk 1:17:40]}
14. Bd2 {[%clk 1:21:31]} O-O-O {[%clk 1:15:36]} 15. h3 {[%clk 1:21:48]} Kb8
{[%clk 1:03:55]} 16. a4 {[%clk 1:07:53]} a5 {[%clk 0:40:41]} 17. Nd1
{[%clk 0:59:47]} Bc8 {[%clk 0:25:26]} 18. Qe1 {[%clk 0:55:48]} Bb6
{[%clk 0:24:24]} 19. b4 {[%clk 0:48:54]} axb4 {[%clk 0:24:32]} 20. Bxb4
{[%clk 0:45:17]} g6 {[%clk 0:24:12]} 21. fxg6 {[%clk 0:40:48]} fxg6
{[%clk 0:23:37]} 22. Qe2 {[%clk 0:36:17]} Be6 {[%clk 0:22:04]} 23. Bd2
{[%clk 0:26:43]} Rdf8 {[%clk 0:17:35]} 24. a5 {[%clk 0:24:16]} Rxf1+
{[%clk 0:13:42]} 25. Qxf1 {[%clk 0:24:44]} Bc5 {[%clk 0:14:04]} 26. Rb1
{[%clk 0:24:25]} Ka8 {[%clk 0:11:00]} 27. Qe1 {[%clk 0:20:06]} Qf7
{[%clk 0:10:41]} 28. a6 {[%clk 0:12:27]} b6 {[%clk 0:11:03]} 29. Bb4
{[%clk 0:12:32]} Qf4 {[%clk 0:11:06]} 0-1